01270nam a2200301Ia 4500001001200000003000800012006001900020007001500039008004100054010001700095020003800112020003500150020001800185040002100203035002100224050002200245245010300267260004900370300003800419504005400457533015200511650004900663650005400712655002900766700003000795710001700825856012600842ebr10227042CaPaEBRm u cr cn|||||||||071127s2007 caua sb 000 0 eng d z 2007048795 z9780833041173 (pbk. : alk. paper) z0833041177 (pbk. : alk. paper) z9780833044372 aCaPaEBRcCaPaEBR a(OCoLC)23431582314aTF23b.S43 2007eb00aSecuring America's passenger-rail systemsh[electronic resource] /cJeremy M. Wilson ... [et al.]. aSanta Monica, CA :bRAND Corporation,c2007. axx, 122 p. :bill. (chiefly col.) aIncludes bibliographical references (p. 117-122). aElectronic reproduction.bPalo Alto, Calif. :cebrary,d2009.nAvailable via World Wide Web.nAccess may be limited to ebrary affiliated libraries. 0aRailroadszUnited StatesxPassenger traffic. 0aTransportationzUnited StatesxPassenger traffic. 7aElectronic books.2local1 aWilson, Jeremy M.,d1974-2 aebrary, Inc.40uhttp://site.ebrary.com/lib/rucke/Doc?id=10227042zAn electronic book accessible through the World Wide Web; click to view